000 00428nam a2200157 a 4500
999 _c600
_d600
020 _a0136110959 (hardcover)
020 _a9780136110958 (hardcover)
100 1 _aValkenburg, Mac E. Van.
245 1 0 _aNetwork Analysis /
250 _a3rd ed.
260 _a[S.l.] :
_bPrentice Hall College Div,
_c1974.
300 _a571 p. ;
650 _aNetwork analysis
856 4 0 _uhttp://10.10.170.122:8080/browse/book/25756
942 _cBK